Collaboration in international rural development : a practitioner's handbook /

Bibliographic Details
Main Author: Axinn, George Harold, 1926-
Other Authors: Axinn, Nancy W.
Format: Book
Language:English
Published: New Delhi ; Thousand Oaks, Calif. : Sage Publications, 1997.
Subjects:

MARC

Tag First Indicator Second Indicator Subfields
LEADER 00000cam a2200000 a 4500
001 in00001405067
005 20151020064135.0
008 970708s1997 ii a b 001 0 eng
010 |a  97027342  
020 |a 0761992006 (c : alk. paper) 
020 |a 0761992014 (p : alk. paper) 
020 |a 8170366526 (India : hb) 
020 |a 8170366534 (India : pb) 
035 |a (OCoLC)37300679 
035 |9 AHP4589AM 
040 |a DLC  |c DLC  |d C#P  |d AGL  |d TXA  |d UtOrBLW 
049 |a TXAM 
050 0 0 |a HN49.C6  |b A95 1997 
070 0 |a HN49.C6A95  |b 1997 
072 0 |a E550 
082 0 0 |a 307.1/412  |2 21 
100 1 |a Axinn, George Harold,  |d 1926- 
245 1 0 |a Collaboration in international rural development :  |b a practitioner's handbook /  |c George H. Axinn, Nancy W. Axinn. 
264 1 |a New Delhi ;  |a Thousand Oaks, Calif. :  |b Sage Publications,  |c 1997. 
300 |a 334 pages :  |b illustrations ;  |c 23 cm. 
336 |a text  |b txt  |2 rdacontent 
337 |a unmediated  |b n  |2 rdamedia 
338 |a volume  |b nc  |2 rdacarrier 
504 |a Includes bibliographical references (pages [316]-324) and index. 
650 0 |a Rural development  |x International cooperation. 
700 1 |a Axinn, Nancy W. 
948 |a c:ktn 
999 |a MARS 
999 f f |s 386c18a5-7638-3393-8df2-43558b4ab760  |i a51c0ba8-b8e6-3b6d-a3d2-b5d72a4d91cb  |t 0 
952 f f |p ric  |a Texas A&M University  |b Rellis Campus  |c Joint Library Facility  |d Remote Storage  |t 0  |e HN49.C6 A95 1997  |h Library of Congress classification  |i unmediated -- volume  |m A14823353851 
998 f f |a HN49.C6 A95 1997  |t 0  |l Remote Storage